Score 0/38 Timer 03:00
2 Plays Today
Clue 4-letter word % Correct
🎶 ____, Don't Cry🎶
OR Infant
BABY
97.9%
🎶 ____ for You 🎶
OR Perform in a choir
SING
90.1%
🎶 Dancing ____ 🎶
OR Chess piece
KING
89.4%
🎶 Love ____ 🎶
OR Assassinated
SHOT
88.3%
🎶 Electric ____ 🎶
OR Smooch
KISS
85.2%
🎶 ____ Me Right 🎶
OR Tennis score
LOVE
84.7%
Baseball player RuthBABE
82.5%
Mayflower or Titanic, e.g.SHIP
81%
🎶 ____ Me Baby 🎶
OR Use a phone
CALL
80.2%
Hourglass fillerSAND
79.8%
It blowsWIND
78.8%
Compassionate, warm-heartedKIND
78.1%
Mall occupantSHOP
78%
Merlot or Chablis, e.g.WINE
75.2%
Of sound mindSANE
74.7%
Trig functionSINE
74.3%
Dull, tiresome personBORE
73.9%
Fireplace residueSOOT
73.8%
Offspring, youngstersKIDS
73.7%
Clue 4-letter word % Correct
Uttered, spokeSAID
73.5%
Unadorned, simpleBARE
73.4%
In need of directionsLOST
72.5%
Mistake, errorSLIP
72.3%
AutumnFALL
71.7%
Classify, categorizeSORT
71.6%
Broad, comprehensiveWIDE
70.8%
Hit's oppositeMISS
68.8%
Come in lastLOSE
68.5%
Lost one's footingSLID
68.5%
Hot under the collar, angrySORE
67.5%
Carnival attractionRIDE
67.5%
Prime numberFIVE
67.1%
In real timeLIVE
66.5%
Aid for shoppers and SantaLIST
65.7%
Visibility reducerMIST
65.6%
Cleanses, casts offRIDS
64.1%
Manicurist's or carpenter's toolFILE
63.7%
Pack to capacityFILL
63.4%

Today's Daily Dose

You're not logged in!

Compare scores with friends on all Sporcle quizzes.
OR
Log In

Sporcle TV

Today on Sporcle TV


Watch our educational content, quiz creation guides, and fun videos on Sporcle TV.

Show Comments

Extras

Top Quizzes Today


Score Distribution

Paid Content

Your Account Isn't Verified!

In order to create a playlist on Sporcle, you need to verify the email address you used during registration. Go to your Sporcle Settings to finish the process.

Report this User

Report this user for behavior that violates our Community Guidelines.

Details: